| 000 | 00000nam 2200000zi 4500 |
| 001 | 9.955207 |
| 003 | CaOODSP |
| 005 | 20251031142449 |
| 006 | m o d f |
| 007 | cr mn||||||||| |
| 008 | 250912t20132013oncb ob f000 0 eng d |
| 040 | |aCaOODSP|beng|erda|cCaOODSP |
| 043 | |an-cn-bc |
| 086 | 1 |aM183-2/6697E-PDF |
| 100 | 1 |aLyle, T. S., |d1975- |eauthor. |
| 245 | 10|aFlood hazard study North Vancouver / |cT. Lyle. |
| 246 | 13|aFlood hazard study North Vancouver : |bfinal report |
| 264 | 1|a[Ottawa] : |bNatural Resources Canada = Ressources naturelles Canada, |c2013. |
| 264 | 4|c©2013 |
| 300 | |a1 online resource (1 volume (various pagings)) : |bcolour maps. |
| 336 | |atext|btxt|2rdacontent |
| 337 | |acomputer|bc|2rdamedia |
| 338 | |aonline resource|bcr|2rdacarrier |
| 490 | 1 |aGeological Survey of Canada open file, |x2816-7155 ; |v6697 |
| 500 | |aISSN of series supplied from ISSN Portal. |
| 504 | |aIncludes bibliographical references. |
| 520 | |a"This study provides a broad-scale assessment of riparian flood hazard for select streams in North Vancouver through the development of a spatial database containing depths and extents of floodwaters. This database has been developed following the standards outlined for the HAZUS-MH Flood Model and will ultimately be used within this data model to help assess potential disaster loss due to riparian flooding in North Vancouver. Initially 24 creeks and rivers were selected for assessment. A comprehensive data search looking for existing hydrologic and hydraulic data was completed, and ultimately portions of five watercourses were mapped: Capilano River, MacKay Creek, Mosquito Creek, Lynn Creek and the Seymour River. Flood depth maps for various inflows between the 10-year and 200-year flow events in combination with two tidal conditions were created. The maps show that the 200-year flows are generally confined within the main channels of the rivers. Floodplain inundation is observed on MacKay Creek in the vicinity of 1st Avenue and on the Seymour River"--Executive summary, page ii |
| 650 | 0|aFloods|zBritish Columbia|zNorth Vancouver|xMaps. |
| 650 | 0|aFloodplains|zBritish Columbia|zNorth Vancouver|xMaps. |
| 650 | 0|aFloods|xGeographic information systems|zBritish Columbia|zNorth Vancouver. |
| 650 | 0|aFloodplains|xGeographic information systems|zBritish Columbia|zNorth Vancouver. |
| 650 | 0|aHydrologic models|zBritish Columbia|zNorth Vancouver. |
| 650 | 6|aInondations|zColombie-Britannique|zNorth Vancouver|xCartes. |
| 650 | 6|aPlaines inondables|zColombie-Britannique|zNorth Vancouver|xCartes. |
| 650 | 6|aInondations|xSystèmes d'information géographique|zColombie-Britannique|zNorth Vancouver. |
| 650 | 6|aPlaines inondables|xSystèmes d'information géographique|zColombie-Britannique|zNorth Vancouver. |
| 650 | 6|aModèles hydrologiques|zColombie-Britannique|zNorth Vancouver. |
| 710 | 2 |aGeological Survey of Canada, |eissuing body. |
| 710 | 2 |aNorthwest Hydraulic Consultants, |econsultant. |
| 830 | #0|aOpen file (Geological Survey of Canada)|v6697.|w(CaOODSP)9.506878 |
| 856 | 40|qPDF|s9.91 MB|uhttps://publications.gc.ca/collections/collection_2025/rncan-nrcan/m183-2/M183-2-6697-eng.pdf |
| 856 | 4 |qHTML|sN/A|uhttps://doi.org/10.4095/292146 |